[Event "South Wales op 20th"]
[Site "Bridgend"]
[Date "2025.07.07"]
[Round "6"]
[White "Menadue, Jeremy FS"]
[Black "Byron, Alan M"]
[Result "0-1"]
[WhiteElo "1945"]
[BlackElo "2040"]
[PlyCount "92"]
[EventDate "2025.07.04"]
[EventType "swiss"]
[EventRounds "9"]
[EventCountry "WLS"]
[SourceTitle "CB29_2025"]
[SourceDate "2025.07.16"]
[SourceVersion "1"]
[SourceVersionDate "2025.07.16"]
[SourceQuality "1"]

1. d4 d5 2. c4 c6 3. Nf3 Nf6 4. Nc3 e6 5. e3 Be7 6. Qc2 Nbd7 7. b3 0-0 8. Bd3 Re8 9. Bb2 Qa5 10. Rd1 Ba3 11. Ba1 Bf8 12. Ng5 g6 13. f4 Bg7 14. Nf3 c5 15. 0-0 cxd4 16. exd4 dxc4 17. bxc4 Nb6 18. Nb5 Rd8 19. Bc3 Qa4 20. Qb3 Bd7 21. Na3 Rac8 22. Ne5 Be8 23. Bc2 Qxb3 24. axb3 Bf8 25. Nb1 Be7 26. Rfe1 Nbd7 27. g3 b6 28. Bd3 Nb8 29. Bf1 Nc6 30. Bg2 Nb4 31. Re2 h5 32. h3 Nc6 33. Ra2 a5 34. Kh2 Nxe5 35. fxe5 Nd7 36. Rad2 Bb4 37. Rd3 b5 38. Bxb4 axb4 39. Nd2 Nc5 40. Ne4 Nxd3 41. Rxd3 bxc4 42. bxc4 Rxc4 43. Nd6 Rc3 44. Rd2 b3 45. Rb2 Rb8 46. Be4 Bc6 0-1

[Event "South Wales op 20th"]
[Site "Bridgend"]
[Date "2025.07.06"]
[Round "4"]
[White "Menadue, Jeremy FS"]
[Black "Gormally, Daniel"]
[Result "0-1"]
[WhiteElo "1945"]
[BlackElo "2435"]
[PlyCount "78"]
[EventDate "2025.07.04"]
[EventType "swiss"]
[EventRounds "9"]
[EventCountry "WLS"]
[SourceTitle "CB29_2025"]
[SourceDate "2025.07.16"]
[SourceVersion "1"]
[SourceVersionDate "2025.07.16"]
[SourceQuality "1"]

1. d4 Nf6 2. c4 c5 3. d5 b5 4. cxb5 a6 5. b6 e6 6. Nc3 Nxd5 7. Nxd5 exd5 8. Qxd5 Nc6 9. Nf3 Be7 10. g3 0-0 11. Bg2 Rb8 12. 0-0 Rxb6 13. e4 d6 14. Bf4 Be6 15. Qd2 Bf6 16. Qxd6 Bxb2 17. Qxc5 Bxa1 18. Rxa1 a5 19. Be3 Ra6 20. Bf1 Qa8 21. Bxa6 Qxa6 22. Ng5 Re8 23. a3 Bg4 24. h3 Bh5 25. Rc1 Ne5 26. Bd4 Nd3 27. Qc6 Qxc6 28. Rxc6 h6 29. Rc3 Nb2 30. g4 Bg6 31. Nf3 Bxe4 32. Re3 Nc4 33. Rc3 Bd5 34. a4 Re4 35. Kh2 Re2 36. Kg3 Ra2 37. Ne5 Nd2 38. Rc8+ Kh7 39. Be3 Nf1+ 0-1

[Event "South Wales op 20th"]
[Site "Bridgend"]
[Date "2025.07.04"]
[Round "2"]
[White "Menadue, Jeremy FS"]
[Black "Arnott, Jonathan"]
[Result "1-0"]
[WhiteElo "1945"]
[BlackElo "2059"]
[PlyCount "75"]
[EventDate "2025.07.04"]
[EventType "swiss"]
[EventRounds "9"]
[EventCountry "WLS"]
[SourceTitle "CB29_2025"]
[SourceDate "2025.07.16"]
[SourceVersion "1"]
[SourceVersionDate "2025.07.16"]
[SourceQuality "1"]

1. d4 e6 2. Nf3 f5 3. h3 b6 4. Bf4 Bb7 5. e3 Nf6 6. g4 Ne4 7. gxf5 exf5 8. Rg1 Qe7 9. c3 d6 10. Bb5+ Nd7 11. a4 a6 12. Bd3 Ndf6 13. Qe2 g6 14. Na3 Nh5 15. Bh2 Bh6 16. Nc2 f4 17. 0-0-0 fxe3 18. fxe3 Qe6 19. h4 Qa2 20. Ng5 Bxg5 21. hxg5 Qe6 22. Rdf1 0-0-0 23. Bxa6 Rhf8 24. Bxb7+ Kxb7 25. Nb4 Rxf1+ 26. Rxf1 Ra8 27. Rf8 Ra5 28. d5 Qe7 29. Rb8+ Kxb8 30. Nc6+ Kb7 31. Nxe7 Rxa4 32. Qb5 Nc5 33. Qc6+ Kb8 34. b4 Nd3+ 35. Kd2 Ra2+ 36. Kxd3 Rxh2 37. Qe8+ Kb7 38. Qc8+ 1-0

[Event "South Wales op 20th"]
[Site "Bridgend"]
[Date "2025.07.04"]
[Round "1"]
[White "Tuson, Jon"]
[Black "Menadue, Jeremy FS"]
[Result "0-1"]
[WhiteElo "1822"]
[BlackElo "1945"]
[PlyCount "51"]
[EventDate "2025.07.04"]
[EventType "swiss"]
[EventRounds "9"]
[EventCountry "WLS"]
[SourceTitle "CB29_2025"]
[SourceDate "2025.07.16"]
[SourceVersion "1"]
[SourceVersionDate "2025.07.16"]
[SourceQuality "1"]

1. Nf3 d5 2. d4 Nf6 3. c4 c6 4. Nc3 dxc4 5. a4 a5 6. e4 Bg4 7. Be3 e6 8. Bxc4 Bb4 9. Bd3 Nbd7 10. 0-0 0-0 11. Rc1 Re8 12. e5 Nd5 13. Nxd5 exd5 14. Bxh7+ Kxh7 15. Ng5+ Qxg5 16. Qb3 Qe7 17. f4 Kg8 18. Qd3 g6 19. h3 Bf5 20. Qe2 Be4 21. Qg4 Qe6 22. Qe2 f5 23. Kh2 Kf7 24. g4 Rh8 25. Rg1 Rag8 26. Rg3 0-1

[Event "South Wales op 19th"]
[Site "Bridgend"]
[Date "2024.07.08"]
[Round "6"]
[White "Menadue, Jeremy FS"]
[Black "Byron, Alan M"]
[Result "0-1"]
[WhiteElo "1971"]
[BlackElo "2076"]
[PlyCount "148"]
[EventDate "2024.07.05"]
[EventType "swiss"]
[EventRounds "9"]
[EventCountry "WLS"]
[SourceTitle "CBM 221 Extra"]
[Source "ChessBase"]
[SourceDate "2024.09.30"]
[SourceVersion "1"]
[SourceVersionDate "2024.09.30"]
[SourceQuality "1"]

1. d4 d5 2. c4 c6 3. Nf3 Nf6 4. Nc3 e6 5. Bg5 Nbd7 6. cxd5 exd5 7. e3 Be7 8. Qc2 Nh5 9. Bxe7 Qxe7 10. 0-0-0 g6 11. Kb1 Nb6 12. Bd3 Be6 13. Rhe1 0-0-0 14. Rc1 Kb8 15. Nd2 Ng7 16. Ka1 Bc8 17. Nb3 Ne6 18. f3 Rhe8 19. Qf2 Qf6 20. Bf1 h5 21. h4 Ka8 22. Nd2 Ng7 23. Bd3 Bf5 24. Bf1 Bc8 25. Bd3 Qd6 26. a3 Bf5 27. Bf1 Qf6 28. Ka2 Be6 29. Bd3 Bc8 30. Ka1 Qd6 31. Nb3 Ne6 32. Nb1 Qe7 33. N1d2 Na4 34. e4 Qf6 35. e5 Qe7 36. f4 Ng7 37. g3 Bf5 38. Bf1 Ne6 39. Bg2 Qc7 40. Ka2 Qb6 41. Bf1 Rc8 42. Rc5 Naxc5 43. Nxc5 Qd8 44. Ndb3 b6 45. Na4 Nc7 46. Rc1 Bd7 47. Nc3 Qe7 48. Bg2 Kb7 49. Qd2 Rb8 50. Qe2 Be6 51. Na4 Rec8 52. Nc3 Qe8 53. Rd1 Rd8 54. Rc1 Kc8 55. a4 Kd7 56. a5 Ke7 57. Bf3 Qd7 58. Rg1 Rh8 59. Qd2 Kf8 60. Ne2 Qe7 61. g4 hxg4 62. Bxg4 Bxg4 63. Rxg4 Rxh4 64. Rg5 Ne6 65. Rg2 Ng7 66. Ng3 Qe6 67. Rh2 Rxh2 68. Qxh2 Kg8 69. Nd2 Qg4 70. Ngf1 Nf5 71. a6 Kg7 72. Qf2 Rh8 73. Qe1 Nxd4 74. Ne3 Qxf4 0-1

[Event "South Wales op 19th"]
[Site "Bridgend"]
[Date "2024.07.07"]
[Round "5"]
[White "Richards, Joshua"]
[Black "Menadue, Jeremy FS"]
[Result "0-1"]
[WhiteElo "1823"]
[BlackElo "1971"]
[PlyCount "152"]
[EventDate "2024.07.05"]
[EventType "swiss"]
[EventRounds "9"]
[EventCountry "WLS"]
[SourceTitle "CBM 221 Extra"]
[Source "ChessBase"]
[SourceDate "2024.09.30"]
[SourceVersion "1"]
[SourceVersionDate "2024.09.30"]
[SourceQuality "1"]

1. e4 Nf6 2. e5 Nd5 3. d4 d6 4. Nf3 Bg4 5. Bc4 e6 6. Bxd5 exd5 7. Bf4 dxe5 8. Bxe5 f6 9. Bf4 Be7 10. 0-0 0-0 11. Nbd2 b6 12. Re1 c5 13. Qe2 Nc6 14. h3 Bf5 15. c3 Kh8 16. Nh4 Bd7 17. Qh5 Be8 18. Qe2 cxd4 19. Nf5 dxc3 20. bxc3 Bc5 21. a4 Qd7 22. Ne3 d4 23. cxd4 Nxd4 24. Qd1 Bb4 25. Rf1 Bxd2 26. Bg3 Rd8 27. Nc2 Nf5 28. Bh2 Bc3 29. Qxd7 Rxd7 30. Ra3 Ba5 31. Na1 Rd4 32. Rc1 Bxa4 33. g4 Nh4 34. Nb3 Bxb3 35. Rxb3 Rfd8 36. Bg3 Rd1+ 37. Rxd1 Rxd1+ 38. Kh2 Ng6 39. Re3 Kg8 40. Re8+ Kf7 41. Ra8 Rd7 42. Bb8 Ne7 43. Bf4 b5 44. h4 Bb6 45. Rh8 Ng6 46. Rxh7 Nxf4 47. g5 Kg8 48. g6 Nxg6 49. Rh5 Bxf2 50. Rxb5 Bxh4 51. Kh3 Bg5 52. Kg4 Ne7 53. Kh5 Bd2 54. Rb3 a5 55. Rb8+ Kf7 56. Ra8 Bb4 57. Ra6 Rd6 58. Ra8 Ke6 59. Kg4 Kd5 60. Re8 Ra6 61. Rh8 a4 62. Rh1 a3 63. Rd1+ Kc4 64. Kf3 a2 65. Ke4 a1Q 66. Rxa1 Rxa1 67. Ke3 Rd1 68. Ke2 Rd3 69. Kf2 Kd4 70. Kg1 Rf3 71. Kg2 Ke3 72. Kh1 Rf2 73. Kg1 Kf3 74. Kh1 Kg3 75. Kg1 Ng8 76. Kh1 Rf1# 0-1

[Event "South Wales op 19th"]
[Site "Bridgend"]
[Date "2024.07.06"]
[Round "3"]
[White "Wells, Peter K"]
[Black "Menadue, Jeremy FS"]
[Result "1-0"]
[WhiteElo "2364"]
[BlackElo "1971"]
[PlyCount "57"]
[EventDate "2024.07.05"]
[EventType "swiss"]
[EventRounds "9"]
[EventCountry "WLS"]
[SourceTitle "CBM 221 Extra"]
[Source "ChessBase"]
[SourceDate "2024.09.30"]
[SourceVersion "1"]
[SourceVersionDate "2024.09.30"]
[SourceQuality "1"]

1. d4 Nf6 2. Nf3 e6 3. c4 b6 4. a3 Bb7 5. Nc3 d5 6. cxd5 Nxd5 7. e3 g6 8. h4 Nd7 9. Nxd5 exd5 10. h5 Bg7 11. b4 0-0 12. Rb1 Re8 13. Bd3 Re6 14. Bd2 Qe7 15. Kf1 a6 16. a4 Re8 17. Qe2 Ra8 18. g3 Re4 19. Kg2 g5 20. h6 Bf6 21. Bc3 Ra7 22. Nd2 c5 23. bxc5 bxc5 24. Bxe4 dxe4 25. Qc4 cxd4 26. Bxd4 Ne5 27. Qc5 Nf3 28. Qxe7 Bxe7 29. Bxa7 1-0

[Event "South Wales op 18th"]
[Site "Bridgend"]
[Date "2023.07.12"]
[Round "9"]
[White "Belochkin, David"]
[Black "Menadue, Jeremy FS"]
[Result "0-1"]
[WhiteElo "1130"]
[BlackElo "1961"]
[PlyCount "62"]
[EventDate "2023.07.07"]
[EventType "swiss"]
[EventRounds "9"]
[EventCountry "WLS"]
[SourceTitle "CBM 215 Extra"]
[Source "ChessBase"]
[SourceDate "2023.09.30"]
[SourceVersion "1"]
[SourceVersionDate "2023.09.30"]
[SourceQuality "1"]

1. d4 d5 2. Nf3 Nf6 3. Bf4 c5 4. e3 Qb6 5. Nc3 e6 6. Nb5 Na6 7. a4 Be7 8. a5 Qd8 9. dxc5 Bxc5 10. c3 0-0 11. b4 Be7 12. Qb3 b6 13. Bd3 bxa5 14. Rxa5 Nc5 15. Qc2 Nxd3+ 16. Qxd3 a6 17. Qd4 Ne4 18. Nc7 Bf6 19. Qb6 Bxc3+ 20. Ke2 Bd7 21. Nd4 Rb8 22. Qxa6 Rxb4 23. Ra2 Bxd4 24. exd4 Nc3+ 25. Kd3 Nxa2 26. Qxa2 Rc4 27. Bd6 Rxc7 28. Bxf8 Qxf8 29. Rb1 h6 30. Qa5 Qc8 31. Rb2 Rc1 0-1

[Event "South Wales Late Summer op"]
[Site "Cardiff"]
[Date "2022.09.03"]
[Round "3"]
[White "Kong, Emma Zihan"]
[Black "Menadue, Jeremy FS"]
[Result "0-1"]
[WhiteElo "1270"]
[BlackElo "1960"]
[PlyCount "82"]
[EventDate "2022.09.02"]
[EventType "swiss"]
[EventRounds "5"]
[EventCountry "WLS"]
[SourceTitle "EXT 2024"]
[Source "ChessBase"]
[SourceDate "2023.10.10"]
[SourceVersion "1"]
[SourceVersionDate "2023.10.10"]
[SourceQuality "1"]

1. d4 d5 2. c4 c6 3. Nc3 Nf6 4. Bg5 dxc4 5. a4 Na6 6. e4 Be6 7. Nge2 Nb4 8. Nf4 Qxd4 9. Nxe6 fxe6 10. Bxf6 exf6 11. Be2 0-0-0 12. 0-0 Kb8 13. Qxd4 Rxd4 14. Rad1 e5 15. f4 Bc5 16. Kh1 exf4 17. Rxd4 Bxd4 18. Bxc4 Be5 19. Rd1 Kc7 20. Na2 Nxa2 21. Bxa2 Bxb2 22. Kg1 Rd8 23. Rxd8 Kxd8 24. Kf2 Ke7 25. Kf3 Be5 26. h3 Kd6 27. Ke2 Kc5 28. Bb3 Kd4 29. Bc2 c5 30. Kd2 c4 31. Ke2 a6 32. a5 Kc3 33. Ba4 Kb4 34. Bd7 Kxa5 35. Kd2 b5 36. Kc2 Kb4 37. Bc8 a5 38. Ba6 Kc5 39. h4 b4 40. Kc1 b3 41. Kb1 a4 0-1